000 00611cam a2200169 4500500
005 20260322014104.0
041 _afre
042 _adc
100 1 0 _aGuillard, Chantal
_eauthor
700 1 0 _aKartheuser, BenoƮt
_eauthor
700 1 0 _aLacombe, Sylvie
_eauthor
245 0 0 _aPhotocatalysis: water and air pollution control and self-cleaning materials
260 _c2026.
500 _a14
786 0 _nFunctional materials - Bio-based materials | - | 2026-03-04 | p. 14-14
856 4 1 _uhttps://stm.cairn.info/active-and-intelligent-materials--bdti42126210-j1270-page-14?lang=en&redirect-ssocas=7080
999 _c1786249
_d1786249